| 000 | 01268nam0a2200325 4500 | ||
|---|---|---|---|
| 001 | RU\NLR\bibl\1095462 | ||
| 005 | 20260408193710.0 | ||
| 010 |
_a978-5-8397-0519-7 _950 |
||
| 021 |
_aRU _b2007-28469 _91515 |
||
| 035 | _a(NLR Aleph) 001082578 | ||
| 090 |
_a1067849 _c1067849 |
||
| 100 | _a20070607d2007 k y0rusy50 ca | ||
| 101 | 0 | _arus | |
| 102 | _aRU | ||
| 105 | _ay ||||||||| | ||
| 200 | 1 |
_aПриводимые косы _e[сборник статей] _fВ.К. Шалашов _gМ-во образования и науки Рос. Федерации, Федер. агентство по образованию, Яросл. гос. ун-т им. П.Г. Демидова |
|
| 205 | _aПрепринт | ||
| 210 |
_aЯрославль _cЯрославский государственный университет _d2007 |
||
| 215 |
_a43 с. _cил. _d21 |
||
| 320 | _aБиблиогр. в конце ст. | ||
| 606 |
_aКосы (мат.) _3RU\NLR\auth\661339556 _92231843 |
||
| 686 | _aВ182.1я44 | ||
| 700 | 1 |
_aШалашов _bВ. К. _gВиктор Константинович _4070 |
|
| 801 | 0 |
_aRU _bNLR _c20070607 _gRCR |
|
| 801 | 1 |
_aRU _bNLR _c20070607 |
|
| 830 | _aавт. по ЭК | ||
| 942 | _cBOOK | ||
| 980 | _aNB | ||
| 980 | _aNBR | ||